000 00261nam a2200097Ia 4500
005 20251222114403.0
008 251222s1900||||xx |||||||||||||| ||spa||
082 _aDVD0090/M26/2003/T.1
245 0 _aLos mejores cortos del cine español - Volumen nº1:
942 _cDVD
999 _c1706
_d1706